000 00416nam a2200181Ia 4500
001 2932
005 20260306144843.0
008 260306t2018||||xx |||||||||||||| ||spa||
041 _aESP
082 _a234
_bG84B
100 _aGuardini, Romano
_eAUT
245 0 _aLibertad, gracia y destino
260 _c2018
300 _a335 páginas :
_c21 cm.
650 _aGEN
654 _aCHU
942 _cLIB
_dJUS
_fJUS
_2ddc
_n
999 _c2932
_d2932